00686nam a2200241 a 4500001001300000003000900013005001700022008004100039020001000080082001600090100002100106245001800127260004000145300000900185500003500194505003500229650001600264700002100280902000800301942000700309952011300316999001500429nice12345678IN_TiNIC20260116012554.0050524s0000 hyda grp 000 0 urd  ac7.500a891.41bBAI aBaig, Safdar Ali aShama-E-Aiman aHyderabadbOsmania Universityc0000 a141p aincludes index and biblioraphy2 aHebrew Grammar {New Testament} aUrdu-Poetry1 aBaig, Safdar Ali bSRS cBK 001040708StackRoom-aHMIbHMId2007-06-18g7.50l0o891.41 BAIp010433r2007-06-18v7.50w2005-05-24yBK c7501d7501